| 000 | 01103 a2200193 4500 | ||
|---|---|---|---|
| 020 | _a0256154783 (hardcover) | ||
| 020 | _a9780256154788 (hardcover) | ||
| 082 | 0 | 4 | _a658.4012 |
| 090 |
_c5870 _d5870 |
||
| 100 | 1 | _aPearce, John A. | |
| 245 | 1 | 0 |
_aStrategic management : _bformulation, implementation, and control / _cJohn A. Pearce, Richard B. Robinson. |
| 250 | _a6th ed. | ||
| 260 |
_a[S.l.] : _bIrwin Professional Publishing, _c1996. |
||
| 300 |
_a403 p. ; _c26 cm. |
||
| 520 | _aThis sixth edition of the text includes updated coverage of topics such as the global economy, entrepeneurship, ethics, restructuring, continuous improvement, integrated operations, manufacturing and virtual organizations. There is also a new chapter on tools and techniques for strategic analysis at the business level, and the model of the strategic management process has been revised to reflect strategic analysis at different organizational levels. | ||
| 700 | 1 | _aRobinson, Richard B. | |
| 856 | 4 | 0 |
_3Amazon.com _uhttp://www.amazon.com/exec/obidos/ASIN/0256154783/chopaconline-20 |
| 942 |
_aNBS _cBK _k658.4012 PEA |
||
| 999 |
_c348266 _d348266 |
||